তিতাস পাড়ের গল্প / (Record no. 12837)
[ view plain ]
| 000 -LEADER | |
|---|---|
| fixed length control field | 00692nam a22002297a 4500 |
| 001 - CONTROL NUMBER | |
| JCCL Control Number | 12837 |
| 003 - CONTROL NUMBER IDENTIFIER | |
| JCCL marc code | BD-JhCC |
| 005 - DATE AND TIME OF LATEST TRANSACTION | |
| control field | 20230517194905.0 |
| 008 - FIXED-LENGTH DATA ELEMENTS--GENERAL INFORMATION | |
| fixed length control field | 171014s2019 bg |||| ||a| 000 0 ben d |
| 020 ## - INTERNATIONAL STANDARD BOOK NUMBER | |
| International Standard Book Number | 9848705086 |
| 035 ## - SYSTEM CONTROL NUMBER | |
| system control number | (BD-JhCC)12837 |
| 040 ## - CATALOGING SOURCE | |
| Original cataloging agency | BD-JhCC |
| Modifying agency | BD-JhCC |
| 041 ## - LANGUAGE CODE | |
| Language code of Book | bengali |
| 082 ## - DEWEY DECIMAL CLASSIFICATION NUMBER | |
| Classification number | 891.443 |
| Author mark and Year | HOS 2019 |
| 245 ## - TITLE STATEMENT | |
| Title | তিতাস পাড়ের গল্প / |
| Statement of responsibility, etc | সম্পা: আমির হোসেন। |
| 260 ## - PUBLICATION, DISTRIBUTION, ETC. (IMPRINT) | |
| Place of publication, distribution, etc | ঢাকা : |
| Name of publisher, distributor, etc | জ্ঞানজ্যোতি প্রকাশনী; |
| Date of publication, distribution, etc | ২০১৯. |
| 300 ## - PHYSICAL DESCRIPTION | |
| Pagination | 496 p. : |
| Dimensions | 22 cm. |
| 650 ## - SUBJECT ADDED ENTRY--TOPICAL TERM | |
| Topical term or geographic name as entry element | Novel. |
| 700 ## - ADDED ENTRY--PERSONAL NAME | |
| Personal name | হোসেন,আমির |
| 942 ## - ADDED ENTRY ELEMENTS (KOHA) | |
| Source of classification or shelving scheme | Dewey Decimal Classification |
| Koha item type | Books |
| Source of classification or shelving scheme | Damaged status | Not for loan | Home library | Current library | Shelving location | Date of accession | Cost, normal purchase price | Total Checkouts | Full call number | Barcode | Date last seen | Copy number | Method of acquisition | Koha item type | Currency |
|---|---|---|---|---|---|---|---|---|---|---|---|---|---|---|---|
| Dewey Decimal Classification | JCC Rouf Library | JCC Rouf Library | General Stacks | 05/17/2023 | 480.00 | 891.443 HOS 2019 | 17821 | 05/17/2023 | C-1 | Purchase | Books | BDT |